00553npc a2200193Ia 4500001001300000003001000013008004100023040002500064041000700089100001800096245008800114250001100202260002500213300001100238500005400249650001300303700002400316700001900340dg111-49302 IT-MiCISF161014s9999||||xx | und|| aIT-MiCISFcIT-MiCISF ait aMocetti Sauro 0aLe famiglie italiane e il lavoro: caratteristiche strutturali e effetti della crisi a1a ed. bBanca d'Italiac2010 app. 21 a / famiglia, lavoro, disoccupazione, società /  afamiglia aOlivieri Elisabetta aViviano Eliana